000 00736nam a2200289Ia 4500
008 210210b2020 xxu||||| |||| 00| 0 eng d
020 _a9789353167776
041 _aeng
082 _a351.3 SHAG
100 _aSHARMA (Arun)
245 _aGeneral studies for civil services preliminary examination GS Paper II
260 _aChennai
_bMcGraw Hill Education (India) Private Limited
_c2020
300 _axxvi,1327+112
650 _astudies
650 _aservices
650 _apreliminary
650 _aPaper
650 _aII
650 _aGS
650 _aGeneral
650 _afor
650 _aexamination
650 _acivil
690 _aGeneral Studies
700 _aBhagat (Madhukar Kumar)
906 _a073553
999 _c124100
_d124100